Ενημερωτικό δελτίο ΤΕΕ
Saved in:
| Corporate Author: | |
|---|---|
| Format: | Serial |
| Language: | Greek |
| Published: |
Αθήνα :
Τεχνικό Επιμελητήριο Ελλάδας,
1965-
|
| Subjects: | |
| Tags: |
Add Tag
No Tags, Be the first to tag this record!
|
MARC
| LEADER | 00000nas a2200000 i 4500 | ||
|---|---|---|---|
| 001 | 1/58093 | ||
| 008 | 040624c1965 gr gre | ||
| 035 | |l 10073886 | ||
| 040 | |a GR-MY-UA |b gre |e aacr | ||
| 041 | 0 | |a gre | |
| 082 | 0 | |a 620.009495 | |
| 110 | 1 | |a Τεχνικό Επιμελητήριο Ελλάδας. | |
| 245 | 1 | 0 | |a Ενημερωτικό δελτίο ΤΕΕ |h [περιοδικό] / |c Τεχνικό Επιμελητήριο Ελλάδας. |
| 260 | |a Αθήνα : |b Τεχνικό Επιμελητήριο Ελλάδας, |c 1965- | ||
| 300 | |a τ. : |b εικ. ; |c 27 εκ. | ||
| 310 | |a Εβδομαδιαίο | ||
| 650 | 0 | 0 | |a Engineering |z Greece |x Periodicals. |
| 853 | |a INST |b CHIOS |c SER |h 620.009495 | ||
| 901 | |a BIBL2-2004-2 | ||
| 922 | |a 2ΕΛΗ |b 200101 |c ΚΕΝΤΡΙΚΗ ΒΙΒΛΙΟΘΗΚΗ | ||
| 970 | |a ΣΑΛΑΜΟΥΡΑ |b ΜΑΡΙΑ |z 2004/06/24 | ||